| Поле | Название | Значение |
| |
Тип записи |
c |
| |
Библиографический уровень |
m |
| 001 |
Контрольный номер |
RU/УОНБ/EK_N/322862654 |
| 005 |
Дата корректировки |
20240130235711.8 |
| 010 |
Индекс ISBN |
__ |
| 9 |
Тираж |
5000 экз. |
| 013 |
Номер (ISMN) |
__ |
| d |
Цена |
1 р. 85 к. |
| 100 |
Данные общей обработки |
__ |
| a |
Данные общей обработки |
20131017d1987 u c0rusy0103||||ca |
| 101 |
Язык документа |
0_ |
| a |
Язык текста |
rus |
| f |
Язык титульного листа |
rus |
| 102 |
Страна публикации |
__ |
| a |
Страна публикации |
RU |
| 125 |
Кодированные данные звукозаписи и нотных изданий |
__ |
| a |
Форма изложения нотного текста |
z| |
| 128 |
Кодированные данные (звукозаписи-физические характеристики) |
__ |
| a |
Кодированные данные: Музыкальная форма и тональность или лад |
fso |
| c |
Инструменты или голоса, рекомендуемые для солистов (устаревшее) |
vt|| |
| 200 |
Заглавие и сведения об ответственности |
1_ |
| a |
Заглавие |
Ты березка моя |
| b |
Общее обозначение материала |
[Ноты] |
| e |
Сведения, относящиеся к заглавию |
народные песни Омской области |
| f |
Первые сведения об ответственности |
Е. Аркин |
| g |
Последующие сведения об ответственности |
предисл. авт. |
| 210 |
Выходные данные |
1_ |
| a |
Место издания |
Омск |
| c |
Издательство |
Омское книжное издательство |
| d |
Дата издания |
1987 |
| 215 |
Физическое описание |
__ |
| a |
Объем |
176 с. |
| d |
Формат |
20 см |
| 327 |
Примечание о содержании |
11 |
| a |
Примечание о содержании |
Содерж. : Свадебные песни : Не трубочка трубила ; Перепелочка ; Ой, на реке ; На море уточка да купалася ; Ой, вейся, вейся, вишен сад. - Календарные : Подблюдные песни ("илеи") ; Кострома моя, костромушка. - Похоронные причеты : А куда ж ты собралась? ; Уж ты, мамочка. - Семейно-бытовые песни : Гуляла то я да в садочке ; Да под окошечком ; Уж ты, груша моя ; Зашумела в колодеце пена ; Сяду я за стол ; Ой, не донской-то казак ; Ой, как во поле две дорожки ; Миленький мой ; Мой-то разаленький расцветочек ; Один был сад зеленый. - Солдатские и рекрутские песни : Не кукуй, моя да кукушка ; Вот да вспомним, братцы, мы кубанцы ; Знаю, ворон, твой обычай ; На возморье мы стояли ; Ой, прослужил солдат три года ; Ой, поля, вы поля ; Вы поля мои, поля ; Ой, казаки гуляли ; Солдат, раскинувши палаты ; За лесом солнце воссияло ; Последний нонешний денечек ; Отец мой был природный пахарь. - Хороводные, вечерочные, плясовые песни : Вы пимы мои, пимы ; Да уж ты, вьюга ли, вьюжливая ; Мимо рощицы ; На стульчике купчик ; Во донских-то во лесках ; Вдоль по улице карагод вожу ; А мы просо сеяли ; Молодка моя, молоденькая ; Ой, лен мой, лен ; Ой, посею лебеду на берегу ; Пойдемте, девки ; Зайди, солнце ; Ты, заря ли моя, зорюшка ; Сенюшка, Семеёнушка ; Шел Степан ; Шла я улком-переулком ; Где ты, заинька, побыла ; Между двух белых берез ; Ой, ты не сиз-голубь ; Рано печку затопила ; У нас свекор был грозной ; С тех пор я в городе не была. - Частушки, плясовые припевки : Хонька-махонька моя ; Частушки "под язык" ; Ты не стой у ворот ; Не садись на эту ветку, развеселый соловей. - Современные народные песни : Не вейтеся, чайки, над морем ; Ой, смуглян ты, тракторист. |
| 464 |
Аналитический уровень |
_0 |
| 1 |
|
2001 |
| a |
|
Не трубочка трубила |
| e |
|
Не трубочка трубила... |
| 464 |
Аналитический уровень |
_0 |
| 1 |
|
2001 |
| a |
|
Перепелочка |
| e |
|
Ой, перепелочка, куда вздумала... |
| 464 |
Аналитический уровень |
_0 |
| 1 |
|
2001 |
| a |
|
Ой, на реке |
| e |
|
Ой, на реке, да что, э... |
| 464 |
Аналитический уровень |
_0 |
| 1 |
|
2001 |
| a |
|
На море уточка да купалася |
| e |
|
На море уточка да купалася... |
| 464 |
Аналитический уровень |
_0 |
| 1 |
|
2001 |
| a |
|
Ой, вейся, вейся, вишен сад |
| e |
|
Ой, вейся, вейся, вишен сад... |
| 464 |
Аналитический уровень |
_0 |
| 1 |
|
2001 |
| a |
|
Кострома моя, костромушка |
| e |
|
Кострома моя, костромушка... |
| 464 |
Аналитический уровень |
_0 |
| 1 |
|
2001 |
| a |
|
Уж ты, мамочка |
| e |
|
Уж ты, мамочка, да куда ж ты собралася... |
| 464 |
Аналитический уровень |
_0 |
| 1 |
|
2001 |
| a |
|
Да под окошечком |
| e |
|
Да под окошечком сидела... |
| 464 |
Аналитический уровень |
_0 |
| 1 |
|
2001 |
| a |
|
Уж ты, груша моя |
| e |
|
Уж ты, груша моя... |
| 464 |
Аналитический уровень |
_0 |
| 1 |
|
2001 |
| a |
|
Зашумела в колодеце пена |
| e |
|
Зашумела в колодеце пена... |
| 464 |
Аналитический уровень |
_0 |
| 1 |
|
2001 |
| a |
|
Сяду я за стол |
| e |
|
Сяду я за стол да подумаю... |
| 464 |
Аналитический уровень |
_0 |
| 1 |
|
2001 |
| a |
|
Ой, не донской-то казак |
| e |
|
Ой, не донской-то казак... |
| 464 |
Аналитический уровень |
_0 |
| 1 |
|
2001 |
| a |
|
Ой, как во поле две дорожки |
| e |
|
Ой, как во поле две дорожки... |
| 464 |
Аналитический уровень |
_0 |
| 1 |
|
2001 |
| a |
|
Миленький мой |
| e |
|
Миленький мой, да я ли зна... |
| 464 |
Аналитический уровень |
_0 |
| 1 |
|
2001 |
| a |
|
Мой-то разаленький расцветочек |
| e |
|
Мой-то разаленький расцветочек... |
| 464 |
Аналитический уровень |
_0 |
| 1 |
|
2001 |
| a |
|
Один был сад зеленый |
| e |
|
Один был сад зеленый... |
| 464 |
Аналитический уровень |
_0 |
| 1 |
|
2001 |
| a |
|
Вот да вспомним, братцы, мы кубанцы |
| e |
|
Вот да вспомним, братцы, мы кубанцы... |
| 464 |
Аналитический уровень |
_0 |
| 1 |
|
2001 |
| a |
|
Знаю, ворон, твой обычай |
| e |
|
Знаю, ворон, твой обычай... |
| 464 |
Аналитический уровень |
_0 |
| 1 |
|
2001 |
| a |
|
На возморье мы стояли |
| e |
|
На возморье мы стояли... |
| 464 |
Аналитический уровень |
_0 |
| 1 |
|
2001 |
| a |
|
Ой, прослужил солдат три года |
| e |
|
Ой, прослужил солдат три года... |
| 464 |
Аналитический уровень |
_0 |
| 1 |
|
2001 |
| a |
|
Ой, поля, вы поля |
| e |
|
Ой, поля, вы поля... |
| 464 |
Аналитический уровень |
_0 |
| 1 |
|
2001 |
| a |
|
Вы поля мои, поля |
| e |
|
Вы поля мои, поля... |
| 464 |
Аналитический уровень |
_0 |
| 1 |
|
2001 |
| a |
|
Ой, казаки гуляли |
| e |
|
Ой, казаки гуляли... |
| 464 |
Аналитический уровень |
_0 |
| 1 |
|
2001 |
| a |
|
Солдат, раскинувши палаты |
| e |
|
Солдат, раскинувши палаты... |
| 464 |
Аналитический уровень |
_0 |
| 1 |
|
2001 |
| a |
|
За лесом солнце воссияло |
| e |
|
За лесом солнце воссияло... |
| 464 |
Аналитический уровень |
_0 |
| 1 |
|
2001 |
| a |
|
Последний нонешний денечек |
| e |
|
Последний нонешний денечек... |
| 464 |
Аналитический уровень |
_0 |
| 1 |
|
2001 |
| a |
|
Отец мой был природный пахарь |
| e |
|
Отец мой был природный пахарь... |
| 464 |
Аналитический уровень |
_0 |
| 1 |
|
2001 |
| a |
|
Да уж ты, вьюга ли, вьюжливая |
| e |
|
Да уж ты, вьюга ли, вьюжливая... |
| 464 |
Аналитический уровень |
_0 |
| 1 |
|
2001 |
| a |
|
Мимо рощицы |
| e |
|
Мимо рощицы, мимо рощицы... |
| 464 |
Аналитический уровень |
_0 |
| 1 |
|
2001 |
| a |
|
На стульчике купчик |
| e |
|
На стульчике купчик... |
| 464 |
Аналитический уровень |
_0 |
| 1 |
|
2001 |
| a |
|
Во донских-то во лесках |
| e |
|
Во донских-то во лесках... |
| 464 |
Аналитический уровень |
_0 |
| 1 |
|
2001 |
| a |
|
Вдоль по улице карагод вожу |
| e |
|
Вдоль по улице карагод вожу... |
| 464 |
Аналитический уровень |
_0 |
| 1 |
|
2001 |
| a |
|
А мы просо сеяли |
| e |
|
А мы просо сеяли, сеяли, да... |
| 464 |
Аналитический уровень |
_0 |
| 1 |
|
2001 |
| a |
|
Молодка моя, молоденькая |
| e |
|
Молодка моя, молоденькая, ой... |
| 464 |
Аналитический уровень |
_0 |
| 1 |
|
2001 |
| a |
|
Ой, лен мой, лен |
| e |
|
Ой, лен мой, лен, зеленый лен... |
| 464 |
Аналитический уровень |
_0 |
| 1 |
|
2001 |
| a |
|
Ой, посею лебеду на берегу |
| e |
|
Ой, посею лебеду на берегу... |
| 464 |
Аналитический уровень |
_0 |
| 1 |
|
2001 |
| a |
|
Пойдемте, девки |
| e |
|
Пойдемте, девки, пойдемте, красные... |
| 464 |
Аналитический уровень |
_0 |
| 1 |
|
2001 |
| a |
|
Зайди, солнце |
| e |
|
Зайди, солнце... |
| 464 |
Аналитический уровень |
_0 |
| 1 |
|
2001 |
| a |
|
Ты, заря ли моя, зорюшка |
| e |
|
Ты, заря ли моя, зорюшка... |
| 464 |
Аналитический уровень |
_0 |
| 1 |
|
2001 |
| a |
|
Сенюшка, Семеёнушка |
| e |
|
Сенюшка, Семеёнушка... |
| 464 |
Аналитический уровень |
_0 |
| 1 |
|
2001 |
| a |
|
Шел Степан |
| e |
|
Шел Степан, голубой на нем кафтан... |
| 464 |
Аналитический уровень |
_0 |
| 1 |
|
2001 |
| a |
|
Шла я улком-переулком |
| e |
|
Шла я улком-переулком... |
| 464 |
Аналитический уровень |
_0 |
| 1 |
|
2001 |
| a |
|
Где ты, заинька, побыла |
| e |
|
Где ты, заинька, побыла, хэй... |
| 464 |
Аналитический уровень |
_0 |
| 1 |
|
2001 |
| a |
|
Между двух белых берез |
| e |
|
Между двух белых берез... |
| 464 |
Аналитический уровень |
_0 |
| 1 |
|
2001 |
| a |
|
Ой, ты не сиз-голубь |
| e |
|
Ой, ты не сиз-голубь... |
| 464 |
Аналитический уровень |
_0 |
| 1 |
|
2001 |
| a |
|
Рано печку затопила |
| e |
|
Рано печку затопила... |
| 464 |
Аналитический уровень |
_0 |
| 1 |
|
2001 |
| a |
|
У нас свекор был грозной |
| e |
|
У нас свекор был грозной... |
| 464 |
Аналитический уровень |
_0 |
| 1 |
|
2001 |
| a |
|
С тех пор я в городе не была |
| e |
|
С тех пор я в городе не была... |
| 464 |
Аналитический уровень |
_0 |
| 1 |
|
2001 |
| a |
|
Частушки "под язык" |
| e |
|
Кы-ны-ры-на, кы-ры-ны-ры-на... |
| 464 |
Аналитический уровень |
_0 |
| 1 |
|
2001 |
| a |
|
Ты не стой у ворот |
| e |
|
Ты не стой у ворот... |
| 464 |
Аналитический уровень |
_0 |
| 1 |
|
2001 |
| a |
|
Не садись на эту ветку, развеселый соловей |
| e |
|
Не садись на эту ветку, развеселый соловей... |
| 464 |
Аналитический уровень |
_0 |
| 1 |
|
2001 |
| a |
|
Ой, смуглян ты, тракторист |
| e |
|
Ой, смуглян ты, тракторист... |
| 464 |
Аналитический уровень |
_0 |
| 1 |
|
2001 |
| a |
|
А куда ж ты собралась? |
| e |
|
А куда ж ты собралася... |
| 464 |
Аналитический уровень |
_0 |
| 1 |
|
2001 |
| a |
|
Гуляла то я да в садочке |
| e |
|
Гуляла то я да в садочке... |
| 464 |
Аналитический уровень |
_0 |
| 1 |
|
2001 |
| a |
|
Не кукуй, моя да кукушка |
| e |
|
Не кукуй, моя да кукушка... |
| 464 |
Аналитический уровень |
_0 |
| 1 |
|
2001 |
| a |
|
Вы пимы мои, пимы |
| e |
|
Вы пимы мои, пимы... |
| 464 |
Аналитический уровень |
_0 |
| 1 |
|
2001 |
| a |
|
Хонька-махонька моя |
| e |
|
Полюбил меня попович молодой... |
| 464 |
Аналитический уровень |
_0 |
| 1 |
|
2001 |
| a |
|
Не вейтеся, чайки, над морем |
| e |
|
Не вейтеся, чайки, над морем... |
| 512 |
Заглавие обложки |
1_ |
| a |
Заглавие обложки |
Ты березка моя |
| 606 |
Тематические рубрики |
0_ |
| a |
Основная рубрика |
Народная музыка |
| x |
Основная подрубрика |
Народные песни |
| y |
Географическая подрубрика |
Омская обл. |
| 610 |
Ключевые слова |
0_ |
| a |
Ключевые слова |
народные песни |
| 686 |
Индексы других классификаций |
__ |
| a |
Классификационный индекс |
85.92(2) |
| 2 |
Код системы |
rubbk |
| 700 |
Автор |
_1 |
| a |
Фамилия |
Аркин |
| b |
Имя (инициалы) |
Е. Я. |
| g |
Полное личное имя |
Ефим Яковлевич |
| 702 |
Вторичная интеллектуальная ответственность |
_1 |
| a |
Фамилия |
Аркин |
| b |
Имя (инициалы) |
Е. Я. |
| 4 |
Код отношения |
080 |
| 801 |
Источник записи |
_0 |
| a |
Страна |
RU |
| b |
Организация |
Ульяновская государственная областная научная библиотека им. В. И. Ленина |
| c |
Дата составления |
20131017 |
| g |
Правила каталогизации |
PSBO |
| 801 |
Источник записи |
_1 |
| a |
Страна |
RU |
| b |
Организация |
Ульяновская государственная областная научная библиотека им. В. И. Ленина |
| c |
Дата составления |
20131017 |
| 901 |
Тип документа |
__ |
| t |
Тип документа |
m |
| 909 |
Создатель записи |
__ |
| a |
Создатель записи |
Зиновьева Г. А. |
| 938 |
Служебная информация |
__ |
| a |
Имя БД |
noti |
| b |
Имя библиотеки |
УОНБ |
| c |
Имя АИБС |
МАРК-SQL |
| d |
Номер DOC_ID в БД |
4376 |